书目信息 |
| 书名: | The leather book | |
| 作者: | Anne-Laure Quilleriet | |
| 分册号: | ||
| 分册名: | 出版地: | Assouline |
|
| 出版社: | USA | |
| 出版时间: | 2008 | |
| 页数: | 399p | |
| 开本: | 24cm | |
| 丛书名: | ||
| 中图分类号: | ||
| 科图分类号: | ||
| 其他分类号: | TS941 | |
| 主题词: | ||
| 电子资源: | ||
| 000 | 00382nam0 2200145 450 | |
| 001 | 202012194365 | |
| 005 | 20121123151351.0 | |
| 008 | 20010101s | |
| 020 | @a978-2-84323-512-2@c$40.00 | |
| 099 | @dTS941@eA6137 | |
| 245 | 10 | @aThe leather book@cAnne-Laure Quilleriet |
| 260 | 0 | @aAssouline@bUSA@c2008 |
| 300 | @a399p@c24cm | |
| 905 | @b11865 | |
| 905 | @aTSG@dTS941@eA6137 | |
| The leather book / Anne-Laure Quilleriet.-Assouline : USA , 2008 |
| 399p ; 24cm |
| ISBN 978-2-84323-512-2$40.00 |
| ● |
| 相关链接 |
|
|
|
正题名:The leather book
索取号:TS941/A6137
 
预约/预借
| 序号 | 登录号 | 条形码 | 馆藏地/架位号 | 状态 | 备注 |
| 1 | 11865 | 300118655 | 自科库501/ [索取号:TS941/A6137] | 在馆 |